Pilotes MotoGP 2026 - Statistiques

Statistiques générales
  • Ce quiz a été pris 70 fois
  • Le résultat moyen est 19 sur 22
Statistiques - réponses
Team Pilotes % Correct
Ducati Lenovo Team #93 Marquez
100%
Ducati Gresini Racing #73 Marquez
100%
Aprilia Racing #72 Bezzecchi
98%
Monster Energy Yamaha #20 Quartararo
98%
Aprilia Racing #89 Martin
96%
Castrol Honda LCR #5 Zarco
96%
Ducati Lenovo Team #63 Bagnaia
94%
Red Bull KTM Racing #37 Acosta
90%
Red Bull KTM Racing #33 Binder
90%
Prima Pramac Yamaha #43 Miller
88%
Ducati Gresini Racing #54 Aldeguer
87%
Ducati VR46 Racing #21 Morbidelli
87%
Monster Energy Yamaha #42 Rins
87%
Honda HRC Castrol #36 MIr
85%
Ducati VR46 Racing #49 Di Giannantonio
83%
Trackhouse Team #79 Ogura
83%
Red Bull KTM Tech 3 #12 Vinales
83%
Trackhouse Team #25 Fernandez
81%
Honda HRC Castrol #10 Marini
81%
Red Bull KTM Tech 3 #23 Bastianini
79%
Castrol Honda LCR #11 Moreira
69%
Prima Pramac Yamaha #7 Razgatlioglu
56%
Aucun quiz correspondant
Distribution des résultats
% des personnes avec chaque résultat
Percentile par nombre de réponses
Votre historique - résultats
Vous n’avez pas pris ce quiz